Basel II-jistota v peřejích globálních financí?
Súbor regulačných opatrení známych ako Basel II. Kapitálová primeranosť v bankách. Nedostatky Basel I a vývoj konceptu Basel II. Piliere Basel II. Situácia v Českej republike.
Salvato in:
| Natura: | Capitolo di libro |
|---|---|
| Lingua: | ceco |
| Soggetti: | |
| Tags: |
Nessun Tag, puoi essere il primo ad aggiungerne!!
|
MARC
| LEADER | 00000naa$a2200000$$$4500 | ||
|---|---|---|---|
| 001 | 0068820 | ||
| 005 | 20231010094618.1 | ||
| 041 | 0 | |a cze | |
| 044 | |a CZ | ||
| 245 | 1 | 0 | |a Basel II-jistota v peřejích globálních financí? |
| 520 | |a Súbor regulačných opatrení známych ako Basel II. Kapitálová primeranosť v bankách. Nedostatky Basel I a vývoj konceptu Basel II. Piliere Basel II. Situácia v Českej republike. | ||
| 610 | 2 | 0 | |a financie |
| 610 | 2 | 0 | |a opatrenia |
| 610 | 2 | 0 | |a banky |
| 610 | 2 | 0 | |a primeranosť kapitálová |
| 610 | 2 | 0 | |a Česko |